000 00393nam a2200121Ia 4500
008 160609s9999 xx 000 0 und d
100 _aSideris, Anastasia Loukaitou.
245 _aCompanion to Urban Design
245 _cBy:Anastasia Loukaitou-Sideris, Tridib Banerjee
260 _c2011
650 _xDESIGN CONCEPTS AND PRINCIPLES
856 _uhttp://file.ebook777.com/013/9781138776548.pdf
999 _c295737
_d295737